| 000 | 01093nac a22003257a 4500 | ||
|---|---|---|---|
| 001 | BR8304804 | ||
| 003 | BR-BrBNA | ||
| 005 | 20240105115834.0 | ||
| 008 | 230509b bl.|||m| |||| 00| 0 por d | ||
| 040 |
_aBR-BrBNA _bpor _cBiblioteca Nacional de Agricultura |
||
| 072 | _aF30 | ||
| 090 | _a1540 BR8304804 | ||
| 100 | 1 | _aFukuda, W.M.G. | |
| 100 | 1 | _aSilva, S. de O. e | |
| 100 | 1 | _aCaldas, R.C. | |
| 110 | 1 |
_aCentro Nacional de Pesquisa de Mandioca e Fruticultura, Cruz das Almas, BA (Brasil) _91783 |
|
| 245 | 1 | _aAvaliacao e selecao de cultivares de mandioca em Cruz das Almas, Bahia [Brasil] | |
| 260 | 3 |
_aCruz das Almas, BA (Brasil): _c1983. |
|
| 300 | _a21 p. | ||
| 490 |
_aBoletim de Pesquisa - Centro Nacional de Pesquisa de Mandioca e Fruticultura (Brazil) _vno. 4 _xISSN 0101-5117 |
||
| 500 | _a10 ref.; Summaries (En, Pt) | ||
| 650 | _aMANDIOCA | ||
| 650 | _aVARIEDADE | ||
| 650 | _aRENDIMENTO | ||
| 650 | _aCOMPORTAMENTO DE VARIEDADE | ||
| 650 | _aCRUZ DAS ALMAS | ||
| 650 | _aBAHIA | ||
| 909 |
_a202312 _bLúcia Elande _c55 _dLúcia Elande |
||
| 942 |
_2AGRIS _n0 _cMS |
||
| 999 |
_c276643 _d276643 |
||